L' Art De L' orfevrerie Bedouine : Profil De L' Arabie Saoudite :
| Format: | Book |
|---|---|
| Published: |
Clarens-Montreux, Suisse:
L' Art De L' Orfevrerie Bedouine,
1989.
|
| Subjects: |
| LEADER | 00543cam a2200145 7i4500 | ||
|---|---|---|---|
| 001 | 0000010072 | ||
| 005 | 20010906090000.0 | ||
| 020 | 0 | 0 | |a 2883730016 |
| 090 | 0 | 0 | |a DE 746.9 |b LAR |
| 245 | 0 | 0 | |a L' Art De L' orfevrerie Bedouine : |b Profil De L' Arabie Saoudite : |b Profil De L' Arabie Saoudite : |b Heather colyer Ross. |
| 260 | 0 | 0 | |a Clarens-Montreux, Suisse: |b L' Art De L' Orfevrerie Bedouine, |c 1989. |
| 300 | # | # | |a 132 p. |
| 650 | 0 | 0 | |a Jewelery -- |x Design -- |z Saudi Arabia |
| 651 | 0 | 0 | |a Saudi Arabia |
| 999 | |a 0000012489 |b Book |c Designs |e Business Information Centre | ||


